000 00733na a2200241 4500
001 19574
003 MIRAKIL
005 20181213155106.0
008 161219b tu 000 0
035 _a19574
040 _aMilas
_btur
_cTR-AnCHP
041 _atur
_agre
082 _a370.196
_bD35m [t.y.]
090 _a370.196 D35m [t.y.]
245 _aMahallede müzik var
_cSibel Demirtaş, Viki Kutsuraki, Arzu Oyacıoğlu
260 _a[y.y.]
_bKEDV
_c[t.y.]
300 _a83 + 95 s.
_bfotğ.
_c30 sm.
500 _aYapıt iki taraflı Yunanca ve Türkçe yazılmıştır.
650 _aKültürlerarası eğitim
_xMüzik eğitimi
_yÇocuklar
700 _aOyacıoğlu, Arzu
700 _aKutsuraki, Viki
942 _2ddc
_cBKS
999 _c6389
_d6389